000 01016cam a2200217 4500
001 ABS64491
008 011005n2001 000 0 eng u
035 _a(Sirsi) u115016
100 _aScott, P.
245 _aLet's have a chat
260 _c2001
490 _aEstates Gazette
_v(0139) 29 September 2001, 124-125(2)
520 _aSuggests that, particularly in the current economic climate with recession threatening, many professional firms need to address the issue of underperforming partners. For partner underperformance affects every aspect of a company - its business, its employees' well-being and its future. Suggests that many firms currently accept levels of performance from partners that are unacceptable. Looks at setting standards, and suggests how partners' performances can be assessed and measured.
590 _aABS
650 _aPARTNERS
650 _aASSESSMENTS
650 _aPERFORMANCE
650 _aHUMAN RESOURCES
690 _aMANAGEMENT-BUSINESS MANAGEMENT
942 _n0
999 _c68496
_d68496